000 00403nam a22001457a 4500
005 20200617133044.0
008 200617b xxu||||| |||| 00| 0 eng d
082 _a345.4 AIR
110 _aALL INDIA REPORTER
_96137
245 _aALL INDIA REPORTER [ 1988] [VOL-75] SUPREME COURT SECTION
260 _aMUMBAI
_bALL INDIA REPORTER, PVT. LTD.
300 _a1152; p
650 _aLAW
_95701
942 _cJRL
999 _c7191
_d7189